Environmental change

Αποθηκεύτηκε σε:
Λεπτομέρειες βιβλιογραφικής εγγραφής
Κύριος συγγραφέας: Goudie, Andrew
Μορφή: Βιβλίο
Γλώσσα:English
Δημοσίευση: Oxford : Clarendon Press, 1995
Έκδοση:3rd ed.
Θέματα:
Ετικέτες: Προσθήκη ετικέτας
Δεν υπάρχουν, Καταχωρήστε ετικέτα πρώτοι!

MARC

LEADER 00000nam a2200000 i 4500
001 1/86191
008 990712s1995 eng d
020 |a 0-19-874167-7 
035 |l 10052022 
040 |a GR-MY-UA  |b gre  |e aacr 
041 0 |a eng 
082 0 |a 551.792 
100 1 |a Goudie, Andrew. 
245 1 0 |a Environmental change /  |c Andrew Goudie 
250 |a 3rd ed. 
260 |a Oxford :   |b Clarendon Press,   |c 1995 
300 |a xx, 329 σ.;  |b εικ., χάρτες;  |c 25 εκ. 
504 |a Περιέχει βιβλιογραφικές παραπομπές (σ. [279]-318) και ευρετήριο 
650 0 0 |a Geology, Stratigraphic  |y Quaternary. 
650 0 0 |a Glacial epoch. 
650 0 0 |a Paleoclimatology. 
852 |a INST  |b LESVOS  |e 19990712  |h 551.792 GOU  |p 005100019936  |q 005100019936  |t BK  |y 0 
901 |a BIBL1-1999-2 
909 |a Λ  |b 062801 
922 |a 1ΕΛΗ  |b 199812  |c ΚΠΣ/ΤΓ  |d LEADER 
950 |a 118-1998-10-19 
970 |a ΜΟΥΣΤΑΚΑ  |b ΠΗΝΕΛΟΠΗ  |z 1999/07/12